000 00660nam a22002177a 4500
003 UA-OsUOA
001 85345
007 ta
008 20120622b un ||||| |||| 00| 0 ukr d
100 _aПетькун С.М.
090 _a81
_bП31
942 _cSA
040 _aUA-OsUOA
_bukr
_cUA-OsUOA
_dUA-OsUOA
245 _aМова як складова людської культури в умоваї світової глобалізації
300 _aС.97-102
955 _a0
041 _aukr
080 _a81
773 0 _w85335
650 7 _a8 Мовознавство. Художня література. Літературознавство
_2UDC
999 _c371535
_d371535